000 00644nam a2200277Ia 4500
005 20260324130151.0
008 008 260324s9999 xx 000 0 eng d
020 _a9780429138645
037 _aEBOOK
040 _aCRL
040 _beng
040 _cCRL
041 _2eng
041 _aeng
084 _qCRL
100 _aTomaso Aste; Denis Weaire
_91180758
245 4 _aThe Pursuit of Perfect Packing
260 _bTaylor and Francis
260 _c2008
365 _a
365 _b385
856 _uhttp://www.taylorfrancis.com/books/9780429138645
942 _cEBOOK
999 _c1776690
_d1776690